000 00545nam a2200181Ia 4500
999 _c7623
_d7623
003 OSt
005 20201019155543.0
008 190216s9999||||xx |||||||||||||| ||und||
020 _a9788184881851
040 _coclc
082 _a658.3
_bKUM/O
100 _aKumar, Niraj
_91503
245 0 _aOrganizational Behaviour :
_b A New Look Concept, Theory & Cases /
_cNiraj Kumar
250 _a1st ed.
260 _bHimalaya Publishing House,
_c2009.
_aMumbai:
300 _a661p
942 _cBK
_2ddc
_h658.3
_iKUM/O
_k658.3
_mKUM/O